LIBRARY & INFORMATION CENTRE, KCAET, TAVANUR

ONLINE PUBLIC ACCESS CATALOGUE (OPAC)

Impact of watershed development programme in India / (Record no. 13095)

MARC details
000 -LEADER
fixed length control field 00465cam a2200169ua 4500
041 ## - LANGUAGE CODE
Language code of text/sound track or separate title eng
082 ## - DEWEY DECIMAL CLASSIFICATION NUMBER
Classification number 551.492
Item number PRA/IM
100 ## - MAIN ENTRY--AUTHOR NAME
Personal name Prakash, Om .
245 ## - TITLE STATEMENT
Title Impact of watershed development programme in India /
260 ## - PUBLICATION, DISTRIBUTION, ETC. (IMPRINT)
Place of publication Dehradun :
Name of publisher International book distributing co. ,
Year of publication 2004.
300 ## - PHYSICAL DESCRIPTION
Number of Pages ;
Accompanying material `.
700 1# - ADDED ENTRY--PERSONAL NAME
Personal name Reddy, Y V R .
700 1# - ADDED ENTRY--PERSONAL NAME
Personal name Sastry , G .
942 ## - ADDED ENTRY ELEMENTS (KOHA)
Koha item type Books
Holdings
Withdrawn status Lost status Damaged status Home library Current library Date acquired Full call number Accession Number Koha item type
      KAUAET KAUAET 07/04/2012 551.492 PRA/IM 21532 Books
free website counter